000 00657nam a2200241Ia 4500
003 OSt
005 20221007070812.0
006 a|||||r|||| 00| 0
007 ta
008 221006b |||||||| |||| 00| 0 eng d
024 _a31,410
037 _cTextual
040 _aFLL
_cFLL
_beng
041 _2eng
_aeng
082 _aZ2,122, P6
100 _aRao G.C.V. Subba
_9687730
245 0 _aFamily law in India (T.V. Subba Rao & Vijender Kumar)
250 _a9th
260 _aHyderabad
_bS. Gogia & Company India
_c2006
300 _aTC-31,825p
_ccm.
942 _hZ2,122, P6
_cTEXL
_2CC
999 _c1141575
_d1141575